Informal Logic

Na minha lista:
Detalhes bibliográficos
Autor principal: Copi, Irving M.
Formato: Livro
Idioma:inglês
Publicado em: New York MacMillan Publ. Co. 1986
Edição:1. ed.
Assuntos:
Tags: Adicionar Tag
Sem tags, seja o primeiro a adicionar uma tag!

MARC

LEADER 00000nam a2200000 4500
001 c002159
005 20221220073813.9
020 |a 0-02-324940-4 
041 0 |a eng 
044 |a US 
245 1 0 |a Informal Logic  |c Irving M. Copi 
250 |a 1. ed. 
264 1 |a New York  |b MacMillan Publ. Co.  |c 1986 
300 |a 354 s. 
610 2 0 |a logika 
610 2 0 |a rozhodovanie 
610 2 0 |a terminológia 
610 2 0 |a metódy poznania 
610 2 0 |a veda 
610 2 0 |a hypotézy 
610 2 0 |a výskum vedecký 
610 2 0 |a experimenty 
100 1 |a Copi, Irving M.